00545nam a2200193 a 450000100060000000300080000600500170001400800410003103500190007204000280009104100080011908200270012710000310015424500470018526000350023230000360026750400300030365000180033367389BD-RjUL20211209081639.0170325s1949 nyua b 001 0 eng  a(BD-RjUL)67520 aDLCcFQGdSERdMYGbeng aeng 223a629.1323bDWP 19491 aDwinnell, James H.,d1915-10aPrinciples of aerodynamics /cJ H Dwinnell aNew York :bMcGraw-Hill,c1949 axviii, 391 p. :bill. ;c24 cm. aBibilography: p. 357-360. 0aAerodynamics.